Digital communications (Record no. 956)

000 -LEADER
fixed length control field 00508nam a2200205 a 4500
001 - CONTROL NUMBER
control field 956
003 - CONTROL NUMBER IDENTIFIER
control field BD-DhUET
008 - FIXED-LENGTH DATA ELEMENTS--GENERAL INFORMATION
fixed length control field 860516s1986 inua b 001 0 eng
020 ## - INTERNATIONAL STANDARD BOOK NUMBER
International Standard Book Number 0071181830
040 ## - CATALOGING SOURCE
Original cataloging agency DLC
Transcribing agency DLC
Modifying agency BD-DhUET
082 00 - DEWEY DECIMAL CLASSIFICATION NUMBER
Classification number 623.8
Item number PRO/2001
100 ## - MAIN ENTRY--PERSONAL NAME
Personal name Proakis, John G.
245 00 - TITLE STATEMENT
Title Digital communications
250 ## - EDITION STATEMENT
Edition statement 4th ed.
260 ## - PUBLICATION, DISTRIBUTION, ETC. (IMPRINT)
Place of publication, distribution, etc. Boston
Name of publisher, distributor, etc. McGraw-Hill
Date of publication, distribution, etc. 2001
300 ## - PHYSICAL DESCRIPTION
Extent xxi,1002p..
504 ## - BIBLIOGRAPHY, ETC. NOTE
Bibliography, etc Includes bibliographies

650 #0 - SUBJECT ADDED ENTRY--TOPICAL TERM
Topical term or geographic name as entry element Digital communications.
942 ## - ADDED ENTRY ELEMENTS (KOHA)
Koha item type General Book
Holdings
Koha issues (times borrowed) Piece designation (barcode) Koha date last seen Koha item type Koha date last borrowed Withdrawn status Sublocation or collection (holding branch) Location (home branch) Not for loan Price effective from Date acquired Shelving location Lost status Koha normalized classification for sorting Source of classification or shelving scheme Koha full call number Copy number Damaged status
 1033422014-08-26General Book  Central Library, BUETCentral Library, BUET 2014-08-262014-08-26Circulation section 623_000000000000000_8PRO2001 623.8/PRO/20011 
 1033442017-07-30General Book  Central Library, BUETCentral Library, BUET 2014-08-262014-08-26Circulation section 623_000000000000000_8PRO2001 623.8/PRO/20012 
 1033452015-06-08General Book  Central Library, BUETCentral Library, BUET 2014-08-262014-08-26Circulation section 623_000000000000000_8PRO2001 623.8/PRO/20013 
11033462015-08-18General Book2015-05-20 Central Library, BUETCentral Library, BUET 2014-08-262014-08-26Circulation section 623_000000000000000_8PRO2001 623.8/PRO/20014 
 1033472014-08-26General Book  Central Library, BUETCentral Library, BUET 2014-08-262014-08-26Circulation section 623_000000000000000_8PRO2001 623.8/PRO/20015 
21033482018-08-29General Book2018-08-06 Central Library, BUETCentral Library, BUET 2014-08-262014-08-26Circulation section 623_000000000000000_8PRO2001 623.8/PRO/20016 
11033492018-09-11General Book2018-08-29 Central Library, BUETCentral Library, BUET 2014-08-262014-08-26Circulation section 623_000000000000000_8PRO2001 623.8/PRO/20017 
 1033502015-08-16General Book  Central Library, BUETCentral Library, BUET 2014-08-262014-08-26Circulation section 623_000000000000000_8PRO2001 623.8/PRO/20018 
 1076742015-03-01General Book  Central Library, BUETCentral Library, BUET 2014-08-262014-08-26Circulation section 623_000000000000000_8PRO2001 623.8/PRO/20019 
11033432018-09-09General Book2018-08-28 Central Library, BUETCentral Library, BUET 2017-05-162007-05-07Circulation section 623_800000000000000_PRO_2001 623.8/PRO/200110